LEADER 01151nam a2200277 u 4500 001 000000082553 003 CaOOAMICUS 005 20070226123857.0 008 050414s2002 caua u000 u eng u 020 $a0-8047-3940-4 035 $a11039414 040 $aPUL$bita 100 1 $aStrickmann, Michel.$0(OLS)http://pul/name/54811 245 10$aChinese magical medicine /$cMichel Strickmann ; edited by Bernard Faure. 260 $aStanford :$bStanford University Press,$c2002. 300 $axii, 418 p. :$bill. ;$c24 cm 504 $a"Bibliography": p. 339-407. 650 4$aMedicina cinese.$0(OLS)http://pul/subject/28280 650 4$aTaoismo.$0(OLS)http://pul/subject/17026 700 1 $aFaure, Bernard.$0(OLS)http://pul/name/54725 850 $aPUL 852 $aPUL$W1$xSL Religione 3$y85$m291. 0951 Strmi 1$j105164$nBK-PRI$b $qDDC 21$B105164$CPULBib$Z2$F105164 $HPUL97877 $81 941 1 $a9 996 $6020$a0-8047-3940-4$9(OLS)http://pul/number/109422 996 $6245$aChinese magical medicine$9(OLS)http://pul/title/107845 996 $6260$aStanford :$bStanford University Press$9(OLS)http://pul/publisher/71122 LEADER 01602nam a2200313 a 4500 001 000000140046 003 CaOOAMICUS 005 20141007160324.0 008 141007s2008 vc a u000 u ita r 020 $a978-88-210-0837-5 040 $aPUL$bita 100 1 $aMacino, Francesca.$0(OLS)http://pul/name/90307 245 10$aSulle tracce delle Istituzioni di Giustiniano nell'Alto Medioevo :$bi manoscritti dal VI al XII secolo /$cFrancesca Macino. 260 $aCittą del Vaticano :$bBiblioteca Apostolica Vaticana,$c2008. 300 $a247 p. :$bill. ;$c25 cm 490 1 $aStudi e testi ;$v446 600 04$aIustinianus$bI,$cimperatore d'Oriente,$d482-565.$0(OLS)http://pul/subject/1584 630 04$aCorpus iuris civilis$pInstitutiones.$0(OLS)http://pul/subject/37001 830 0$aStudi e testi (Biblioteca apostolica vaticana) ;$v446.$0(OLS)http://pul/title/1077 850 $aPUL 852 $aPUL$W1$xDP1 Cons. Gen., Altre Classi 1$y22$m158 F 446$j161768$qStampati$B161221$CPULBib$Z2$F161221 $H124723 $82 941 1 $a8 960 $aJustinianus,$bI,$cimperatore d'Oriente,$d482-565$91584 960 $aGiustiniano$bI,$cimperatore d'Oriente,$d482-565$91584 960 $aInstitutiones (Corpus iuris civilis)$937001 996 $6020$a978-88-210-0837-5 $9(OLS)http://pul/number/156128 996 $6245$aSulle tracce delle Istituzioni di Giustiniano nell'Alto Medioevo :$bi manoscritti dal VI al XII secolo$9(OLS)http://pul/title/177283 996 $6260$aCittą del Vaticano :$bBiblioteca Apostolica Vaticana$9(OLS)http://pul/publisher/48729